[Event "IX Campeonato Panamericano Sub 20 Femenino"]
[Site "Asuncion _ Diario Abc Color, Yegros 745"]
[Date "2014.06.23"]
[Round "4"]
[Board "4"]
[White "Garcia Contreras, Ana"]
[Black "Felix Vega, Aurora Edith"]
[Result "1-0"]
[WhiteElo "1921"]
[BlackElo "1990"]
[PlyCount "117"]
[EventDate "2014.06.21"]
[EventRounds "9"]
[EventCountry "PAR"]

1. d4 Nf6 2. Nf3 g6 3. c4 Bg7 4. Nc3 O-O 5. g3 d6 6. Bg2 Nc6 7. O-O a6 8. b3
Rb8 9. Nd5 Nh5 10. Bb2 e6 11. Ne3 b5 12. cxb5 axb5 13. Rc1 Bb7 14. Qc2 Qd7 15.
Rfd1 Rfc8 16. Ne5 Nxe5 17. Bxb7 Rxb7 18. dxe5 Rbb8 19. Ng4 Qd8 20. h3 b4 21. e4
Bf8 22. Qd2 dxe5 23. Qe3 Qe7 24. Nxe5 c5 25. Rd7 Qe8 26. g4 f6 27. Rd2 Rb7 28.
Nc4 Ng7 29. Bxf6 Qf7 30. g5 Nh5 31. Ne5 Qe8 32. Ng4 Rd7 33. Re2 Rf7 34. e5 Rd7
35. Ree1 Rd5 36. Nh2 Qd7 37. Nf3 Rc7 38. Kg2 Qc6 39. Qe4 Qa6 40. Rc2 Rf7 41.
Nh4 Ng7 42. Qg4 Qb7 43. Qe4 Qd7 44. Nf3 Nf5 45. h4 Rd1 46. Rc1 Rxc1 47. Rxc1
Ng7 48. Rc2 Nh5 49. Rd2 Qa7 50. Qc6 Nf4+ 51. Kh2 c4 52. Qxc4 Nd5 53. Qc6 Nc3
54. Nd4 Qa3 55. Qf3 Qc1 56. Qe3 Qb1 57. Qd3 Qc1 58. Qc4 Nxa2 59. Rc2  1-0

[Event "IX Campeonato Panamericano Sub 20 Femenino"]
[Site "Asuncion _ Diario Abc Color, Yegros 745"]
[Date "2014.06.23"]
[Round "4"]
[Board "5"]
[White "Jorquera Cabello, Valentina"]
[Black "Monroy G., Nataly A."]
[Result "1-0"]
[WhiteElo "1976"]
[BlackElo "1812"]
[PlyCount "69"]
[EventDate "2014.06.21"]
[EventRounds "9"]
[EventCountry "PAR"]

1. e4 g6 2. d4 Bg7 3. Nf3 d6 4. Be2 Nf6 5. Nc3 O-O 6. Bg5 Nbd7 7. O-O h6 8.
Bxf6 Bxf6 9. Qd2 Bg7 10. Rad1 b6 11. Rfe1 Bb7 12. Bc4 e6 13. b4 a5 14. b5 Qe7
15. a4 Kh7 16. Bb3 Rad8 17. Qe3 Ba8 18. Ne2 Bb7 19. h3 Nf6 20. e5 Nd5 21. Bxd5
Bxd5 22. exd6 cxd6 23. Nf4 Bxf3 24. Qxf3 Qc7 25. c3 Rc8 26. Re3 e5 27. Qg4 h5
28. Nxh5 gxh5 29. Qxh5+ Kg8 30. Rde1 Rfe8 31. Rg3 f6 32. Rg6 Qf7 33. Re3 Re7
34. Reg3 Qf8 35. Rh6  1-0

[Event "IX Campeonato Panamericano Sub 20 Femenino"]
[Site "Asuncion _ Diario Abc Color, Yegros 745"]
[Date "2014.06.23"]
[Round "4"]
[Board "6"]
[White "Bohorquez Canizares, Maria"]
[Black "Avalos, Rosana"]
[Result "1-0"]
[WhiteElo "1656"]
[BlackElo "1514"]
[PlyCount "85"]
[EventDate "2014.06.21"]
[EventRounds "9"]
[EventCountry "PAR"]

1. e4 e5 2. Nf3 Nc6 3. Bb5 d6 4. d4 exd4 5. Nxd4 Bd7 6. Nxc6 bxc6 7. Bd3 Nf6 8.
Nc3 Be7 9. O-O O-O 10. Bf4 Be6 11. Qf3 Bg4 12. Qg3 Qd7 13. h3 Nh5 14. Qh2 Nxf4
15. Qxf4 Be6 16. Rad1 Bf6 17. Qd2 Rfd8 18. f4 Qe8 19. Qe1 Rab8 20. b3 Qf8 21.
Kh1 Re8 22. e5 dxe5 23. Qe4 g6 24. fxe5 Bf5 25. Rxf5 gxf5 26. Qxf5 Qg7 27. exf6
Qh6 28. Rf1 Kh8 29. Ne2 Rg8 30. Rf4 Rg5 31. Qe4 c5 32. Rh4 Rh5 33. Rxh5 Qxh5
34. Nf4 Qh6 35. Nd5 Rg8 36. Nxc7 Qc1+ 37. Kh2 Qh6 38. Ne8 Rg6 39. a3 Qf8 40.
Qe7 Qh6 41. Bxg6 hxg6 42. Qd6 Qe3 43. Qf8+  1-0

[Event "IX Campeonato Panamericano Sub 20 Femenino"]
[Site "Asuncion _ Diario Abc Color, Yegros 745"]
[Date "2014.06.23"]
[Round "4"]
[Board "7"]
[White "Zavala Galindo, Alejandra Beat"]
[Black "Cuello, Camila"]
[Result "1-0"]
[WhiteElo "1807"]
[BlackElo "1677"]
[PlyCount "143"]
[EventDate "2014.06.21"]
[EventRounds "9"]
[EventCountry "PAR"]

1. e4 e5 2. Nf3 Nc6 3. Bb5 f5 4. Nc3 Nf6 5. d3 fxe4 6. dxe4 Bb4 7. O-O Bxc3 8.
bxc3 d6 9. Re1 Bg4 10. h3 Bh5 11. Qd3 h6 12. Nh4 Nd7 13. Nf5 Qf6 14. Bxc6 bxc6
15. Qa6 Nb6 16. Qb7 Kd7 17. Be3 Nc4 18. Bxa7 Na5 19. Qa6 Nc4 20. Rab1 Nd2 21.
Rb7 Bf7 22. Qa5 Rhc8 23. Ng3 Nc4 24. Qb4 Qe7 25. Rd1 g6 26. a4 Be6 27. a5 Ke8
28. Rd3 Kf7 29. Nf1 Rd8 30. Ne3 Nxe3 31. Bxe3 Bc8 32. Ra7 Ba6 33. Qb3+ Kg7 34.
Rxa8 Rxa8 35. c4 c5 36. Qa4 Qe8 37. Qa2 Qf7 38. Rd5 Bb7 39. Rd1 Bxe4 40. Qa4
Qe8 41. Qa2 Qc6 42. f3 Bf5 43. Ra1 Qa6 44. Qb3 Be6 45. Ra4 Bd7 46. Ra1 Qa7 47.
Ra3 Be6 48. Qa2 Qa6 49. Ra4 Rb8 50. c3 Bf5 51. Kh2 Re8 52. Ra3 Bd3 53. Ra4 Rb8
54. Bxh6+ Kf7 55. Be3 Bf5 56. Ra3 Rb7 57. Ra4 Qc6 58. a6 Ra7 59. Ra5 Bc8 60.
Qf2 Rxa6 61. Rxa6 Bxa6 62. Qh4 Qe8 63. Bg5 Qg8 64. Bd8 Qe8 65. Qf6+ Kg8 66.
Bxc7 Qf7 67. Qxd6 Qf4+ 68. Kg1 Qe3+ 69. Kh2 Qf4+ 70. g3 Qxc4 71. Qxg6+ Kf8 72.
Bd6#  1-0

[Event "IX Campeonato Panamericano Sub 20 Femenino"]
[Site "Asuncion _ Diario Abc Color, Yegros 745"]
[Date "2014.06.24"]
[Round "5"]
[Board "1"]
[White "Chumpitaz, Ann"]
[Black "Garcia Morales, Ivette Ale"]
[Result "1/2-1/2"]
[WhiteElo "2192"]
[BlackElo "2108"]
[PlyCount "46"]
[EventDate "2014.06.21"]
[EventRounds "9"]
[EventCountry "PAR"]

1. e4 c5 2. Nf3 e6 3. d4 cxd4 4. Nxd4 Nc6 5. Nc3 Qc7 6. Be3 a6 7. Qd2 Nf6 8. f3
Be7 9. g4 b5 10. g5 Nxd4 11. Qxd4 Nh5 12. O-O-O Bb7 13. Bh3 Rc8 14. Rd2 Bc5 15.
Qxc5 Qxc5 16. Bxc5 Rxc5 17. Rg1 Nf4 18. Bf1 Ng6 19. Ne2 h6 20. gxh6 Rxh6 21.
Nd4 Rch5 22. Rgg2 d5 23. Bd3 Nf4  1/2-1/2

[Event "IX Campeonato Panamericano Sub 20 Femenino"]
[Site "Asuncion _ Diario Abc Color, Yegros 745"]
[Date "2014.06.24"]
[Round "5"]
[Board "2"]
[White "Eswaran, Ashritha"]
[Black "Caballero Quijano, Mitzy Mishe"]
[Result "0-1"]
[WhiteElo "2011"]
[BlackElo "1941"]
[PlyCount "52"]
[EventDate "2014.06.21"]
[EventRounds "9"]
[EventCountry "PAR"]

1. e4 e6 2. d4 d5 3. Nc3 Nf6 4. Bg5 Bb4 5. e5 h6 6. Bc1 Bxc3+ 7. bxc3 Ne4 8.
Qg4 g6 9. Ne2 Nd7 10. h4 h5 11. Qh3 c5 12. Qd3 cxd4 13. cxd4 Qa5+ 14. c3 b6 15.
Rh3 Ba6 16. Qc2 Rc8 17. Bb2 g5 18. f3 g4 19. Rh1 gxf3 20. gxf3 Bxe2 21. fxe4
Bf3 22. Bg2 Bxg2 23. Qxg2 Rxc3 24. Bxc3 Qxc3+ 25. Ke2 Qb2+ 26. Kf3 dxe4+  0-1

[Event "IX Campeonato Panamericano Sub 20 Femenino"]
[Site "Asuncion _ Diario Abc Color, Yegros 745"]
[Date "2014.06.24"]
[Round "5"]
[Board "3"]
[White "Jorquera Cabello, Valentina"]
[Black "Garcia Contreras, Ana"]
[Result "0-1"]
[WhiteElo "1976"]
[BlackElo "1921"]
[PlyCount "104"]
[EventDate "2014.06.21"]
[EventRounds "9"]
[EventCountry "PAR"]

1. d4 Nf6 2. c4 g6 3. Nf3 Bg7 4. g3 O-O 5. Bg2 d6 6. Nc3 Nc6 7. O-O a6 8. d5
Na5 9. Nd2 c5 10. Qc2 Rb8 11. a4 Bd7 12. b3 b5 13. axb5 axb5 14. cxb5 Bxb5 15.
Ra3 Bd7 16. Qa2 Nb7 17. Nc4 Ra8 18. Bd2 Rxa3 19. Qxa3 Qc7 20. Ra1 Rc8 21. Qa7
Qb8 22. Nb6 Qxa7 23. Rxa7 Rb8 24. e4 Be8 25. Bh3 Kf8 26. f3 Na5 27. Rxa5 Rxb6
28. Ra3 Nd7 29. Bxd7 Bxd7 30. Kf1 Rb7 31. Ke1 f5 32. Ne2 Kf7 33. h4 fxe4 34.
fxe4 Bg4 35. b4 cxb4 36. Rb3 Be5 37. Nf4 Ra7 38. Rxb4 Ra3 39. Kf2 Rf3+ 40. Kg2
h6 41. Bc1 Rc3 42. Rb1 g5 43. hxg5 hxg5 44. Ne6 Rxg3+ 45. Kf2 Bxe6 46. dxe6+
Kxe6 47. Be3 Bf4 48. Bd4 Rh3 49. Bb6 Ke5 50. Rb4 g4 51. Kg2 Rd3 52. Ba7 Bc1  0-1

[Event "IX Campeonato Panamericano Sub 20 Femenino"]
[Site "Asuncion _ Diario Abc Color, Yegros 745"]
[Date "2014.06.24"]
[Round "5"]
[Board "4"]
[White "Felix Vega, Aurora Edith"]
[Black "Prado, Alexandra"]
[Result "1-0"]
[WhiteElo "1990"]
[BlackElo "1830"]
[PlyCount "59"]
[EventDate "2014.06.21"]
[EventRounds "9"]
[EventCountry "PAR"]

{]} 1. e4 d6 2. d4 Nf6 3. Nc3 g6 4. f4 Bg7 5. Nf3 O-O 6. Bd3 c5 7. dxc5 dxc5 8.
O-O Nc6 9. h3 Re8 10. e5 Nd5 11. Nxd5 Qxd5 12. Qe2 Be6 13. Rd1 Nd4 14. Nxd4
Qxd4+ 15. Kh1 Qb4 16. c3 Qa5 17. Be4 Qc7 18. Be3 Red8 19. Qb5 Rab8 20. Qxc5
Rxd1+ 21. Rxd1 Qxc5 22. Bxc5 Bxa2 23. Bxa7 Ra8 24. Bc5 e6 25. Bxb7 Rb8 26. Rd7
Bf8 27. Ba7 Re8 28. b4 Be7 29. Bc6 Bb3 30. Rc7  1-0

[Event "IX Campeonato Panamericano Sub 20 Femenino"]
[Site "Asuncion _ Diario Abc Color, Yegros 745"]
[Date "2014.06.24"]
[Round "5"]
[Board "5"]
[White "Bohorquez Canizares, Maria"]
[Black "Vazquez Maccarini, Danitza"]
[Result "0-1"]
[WhiteElo "1656"]
[BlackElo "1948"]
[PlyCount "74"]
[EventDate "2014.06.21"]
[EventRounds "9"]
[EventCountry "PAR"]

1. e4 c5 2. Nf3 e6 3. d3 a6 4. Be2 b5 5. c3 Bb7 6. O-O Nc6 7. Nbd2 d6 8. Re1
Nf6 9. Nf1 Be7 10. Ng3 O-O 11. d4 Rc8 12. Bf4 cxd4 13. cxd4 Nb4 14. Bd3 Nxd3
15. Qxd3 Qb6 16. Rac1 Rfd8 17. Qe2 a5 18. Rc2 Rxc2 19. Qxc2 Rc8 20. Qe2 b4 21.
Rc1 Rxc1+ 22. Bxc1 Qc6 23. Bg5 h6 24. Bxf6 Bxf6 25. h3 Ba6 26. Qd2 Qc4 27. a3
Be7 28. axb4 axb4 29. e5 d5 30. Qd1 b3 31. Qf1 Qc6 32. Qe1 Qc2 33. Qd2 Bg5 34.
Qa5 Qxb2 35. Nxg5 hxg5 36. Qxa6 Qc1+ 37. Qf1 b2  0-1

[Event "IX Campeonato Panamericano Sub 20 Femenino"]
[Site "Asuncion _ Diario Abc Color, Yegros 745"]
[Date "2014.06.24"]
[Round "5"]
[Board "6"]
[White "Monroy G., Nataly A."]
[Black "Perez, Dalila"]
[Result "1-0"]
[WhiteElo "1812"]
[BlackElo "1817"]
[PlyCount "91"]
[EventDate "2014.06.21"]
[EventRounds "9"]
[EventCountry "PAR"]

1. d4 d5 2. Nf3 Nf6 3. c4 e6 4. g3 c5 5. cxd5 exd5 6. Bg2 Nc6 7. O-O Be7 8. Nc3
h6 9. Be3 cxd4 10. Nxd4 O-O 11. Rc1 a6 12. Nxc6 bxc6 13. Na4 Bd7 14. Bc5 Re8
15. e3 Rb8 16. b3 Bg4 17. Qd3 Qc8 18. Bxe7 Rxe7 19. Nc5 Ra8 20. Rc3 Bh3 21.
Rfc1 Bxg2 22. Kxg2 Rc7 23. h3 Nd7 24. Nxd7 Qxd7 25. Rc5 Qd6 26. Qc3 Rac8 27.
Qa5 Qe6 28. Qxa6 Qe4+ 29. Kg1 Qe6 30. Kh2 Qf5 31. Qe2 Qf6 32. R1c2 Re8 33. Qd1
Rd8 34. Qd4 Qd6 35. Qf4 Qxf4 36. gxf4 Rdc8 37. Kg3 Kf8 38. b4 Rb7 39. b5 Ke7
40. bxc6 Rbc7 41. Rxd5 Rxc6 42. Rxc6 Rxc6 43. a4 g6 44. h4 h5 45. a5 Ra6 46. f3
 1-0

[Event "IX Campeonato Panamericano Sub 20 Femenino"]
[Site "Asuncion _ Diario Abc Color, Yegros 745"]
[Date "2014.06.24"]
[Round "5"]
[Board "7"]
[White "Avalos, Rosana"]
[Black "Zavala Galindo, Alejandra Beat"]
[Result "1/2-1/2"]
[WhiteElo "1514"]
[BlackElo "1807"]
[PlyCount "88"]
[EventDate "2014.06.21"]
[EventRounds "9"]
[EventCountry "PAR"]

1. e4 c5 2. Nf3 d6 3. d4 cxd4 4. Nxd4 Nf6 5. Nc3 Nc6 6. Be3 e5 7. Nb3 a5 8. f3
Be7 9. Qd2 Be6 10. Nd5 a4 11. Bb6 Qc8 12. Nc7+ Kf8 13. Nxa8 Qxa8 14. Nc1 g6 15.
Be3 h5 16. Bd3 Kg7 17. Ne2 d5 18. exd5 Nxd5 19. Bf2 a3 20. bxa3 Qxa3 21. O-O
Bb4 22. Qc1 Qa5 23. c4 Bd2 24. Qd1 Ne3 25. Bxe3 Bxe3+ 26. Kh1 Qc5 27. Qb3 Nb4
28. Nc1 Rd8 29. Rd1 Bxc4 30. Bxc4 Qxc4 31. Ne2 Rxd1+ 32. Qxd1 Nxa2 33. Rb1 b5
34. Rb3 Bc5 35. Ng3 Nc3 36. Qc2 Qd4 37. Qc1 b4 38. Ne4 Nxe4 39. fxe4 Be7 40.
Qb1 Bc5 41. Rf3 Qd7 42. Rf1 Qb5 43. Rf3 Qd7 44. Rf1 Qd4  1/2-1/2

[Event "IX Campeonato Panamericano Sub 20 Femenino"]
[Site "Asuncion _ Diario Abc Color, Yegros 745"]
[Date "2014.06.25"]
[Round "6"]
[Board "1"]
[White "Caballero Quijano, Mitzy Mishe"]
[Black "Garcia Contreras, Ana"]
[Result "1-0"]
[WhiteElo "1941"]
[BlackElo "1921"]
[PlyCount "64"]
[EventDate "2014.06.21"]
[EventRounds "9"]
[EventCountry "PAR"]

1. d4 Nf6 2. Nf3 d5 3. c4 c6 4. e3 Bf5 5. Nc3 e6 6. Nh4 Be4 7. f3 Bg6 8. Nxg6
hxg6 9. g3 Bd6 10. Bg2 Rxh2 11. Rxh2 Bxg3+ 12. Kd2 Bxh2 13. f4 Nh5 14. Qg4 Bg3
15. cxd5 cxd5 16. b3 Nc6 17. Bb2 Qf6 18. Ne2 Qf5 19. Qxf5 gxf5 20. Rh1 O-O-O
21. Rxh5 Bf2 22. Bf3 g5 23. fxg5 Rg8 24. Rh2 Bxe3+ 25. Kxe3 Rxg5 26. Rh7 Nd8
27. Bh5 f6 28. Ba3 Nc6 29. Bd6 e5 30. Bf7 Nd8 31. Bxd5 f4+ 32. Kd2 f5  1-0

[Event "IX Campeonato Panamericano Sub 20 Femenino"]
[Site "Asuncion _ Diario Abc Color, Yegros 745"]
[Date "2014.06.25"]
[Round "6"]
[Board "2"]
[White "Chumpitaz, Ann"]
[Black "Felix Vega, Aurora Edith"]
[Result "1-0"]
[WhiteElo "2192"]
[BlackElo "1990"]
[PlyCount "91"]
[EventDate "2014.06.21"]
[EventRounds "9"]
[EventCountry "PAR"]

1. d4 c5 2. d5 e5 3. c4 d6 4. Nc3 g6 5. g3 Bg7 6. Bg2 f5 7. Nf3 Nf6 8. O-O O-O
9. Ng5 Re8 10. a3 Na6 11. b4 e4 12. Rb1 Ng4 13. Nb5 Ne5 14. Ne6 Bxe6 15. dxe6
Rxe6 16. Qd5 Qd7 17. Rd1 Rd8 18. Bg5 Rf8 19. bxc5 Nxc5 20. Nd4 Nf7 21. Nxe6
Qxe6 22. Qxe6 Nxe6 23. Be7 Re8 24. Rxb7 Bd4 25. e3 Bc5 26. Bf6 Nfd8 27. Re7
Rxe7 28. Bxe7 Nb7 29. Bf6 Bxa3 30. Bd4 a5 31. Bc3 Nec5 32. Rb1 Kf7 33. Rb5 a4
34. Bf1 Ke6 35. Be2 Kd7 36. Bd1 Kc6 37. Rb1 Nb3 38. Bxb3 axb3 39. Rxb3 Bc5 40.
Rb1 Nd8 41. Kg2 Kc7 42. Ba5+ Kd7 43. Bxd8 Kxd8 44. Rb7 Ba3 45. Rxh7 Ke8 46. Rg7
 1-0

[Event "IX Campeonato Panamericano Sub 20 Femenino"]
[Site "Asuncion _ Diario Abc Color, Yegros 745"]
[Date "2014.06.25"]
[Round "6"]
[Board "3"]
[White "Garcia Morales, Ivette Ale"]
[Black "Eswaran, Ashritha"]
[Result "1/2-1/2"]
[WhiteElo "2108"]
[BlackElo "2011"]
[PlyCount "97"]
[EventDate "2014.06.21"]
[EventRounds "9"]
[EventCountry "PAR"]

1. d4 Nf6 2. Bg5 d5 3. Bxf6 exf6 4. e3 Bd6 5. Bd3 O-O 6. Qf3 g6 7. Ne2 f5 8. h3
h5 9. Nf4 Bxf4 10. Qxf4 Kg7 11. Nc3 c6 12. Ne2 Be6 13. O-O-O Nd7 14. g4 fxg4
15. hxg4 g5 16. Qg3 h4 17. Qg2 Rh8 18. Bf5 Qe7 19. Rde1 Nb6 20. Ng1 Nc4 21. c3
Nd6 22. Nf3 f6 23. Bxe6 Qxe6 24. Nd2 Ne4 25. f3 Ng3 26. Rhg1 Rae8 27. Nf1 Nxf1
28. Rgxf1 b5 29. Qc2 a5 30. Kb1 Qd6 31. e4 dxe4 32. fxe4 Re6 33. e5 Qe7 34. Rf5
fxe5 35. Rexe5 Rxe5 36. Rxe5 Qf6 37. Rf5 Qg6 38. Qd2 h3 39. Qh2 Rh4 40. Qc7+
Kh6 41. Qd8 Rxg4 42. Qf8+ Kh5 43. Qh8+ Qh6 44. Qe8+ Kh4 45. Qe1+ Kh5 46. Qe8+
Kh4 47. Qe1+ Rg3 48. Qe4+ Kh5 49. Qe2+  1/2-1/2

[Event "IX Campeonato Panamericano Sub 20 Femenino"]
[Site "Asuncion _ Diario Abc Color, Yegros 745"]
[Date "2014.06.25"]
[Round "6"]
[Board "4"]
[White "Vazquez Maccarini, Danitza"]
[Black "Jorquera Cabello, Valentina"]
[Result "1/2-1/2"]
[WhiteElo "1948"]
[BlackElo "1976"]
[PlyCount "88"]
[EventDate "2014.06.21"]
[EventRounds "9"]
[EventCountry "PAR"]

1. e4 c5 2. c3 d5 3. exd5 Qxd5 4. d4 e6 5. Nf3 Nc6 6. Be2 cxd4 7. cxd4 Bb4+ 8.
Nc3 a6 9. O-O Qd7 10. a3 Be7 11. Bf4 Nf6 12. Rc1 O-O 13. Re1 Rd8 14. Be3 Nd5
15. Nxd5 exd5 16. Bd3 Bf6 17. Ne5 Bxe5 18. dxe5 Nxe5 19. Bxh7+ Kxh7 20. Qh5+
Kg8 21. Qxe5 Qf5 22. Bb6 Qxe5 23. Rxe5 Rd6 24. Bc5 Rd8 25. Be7 Re8 26. f3 Be6
27. Bb4 Rac8 28. Ree1 d4 29. Rxc8 Rxc8 30. Rd1 Rd8 31. Bc3 d3 32. Rd2 Bb3 33.
Kf2 f6 34. Ke3 Bc2 35. Rf2 Kf7 36. Kd2 b6 37. f4 a5 38. Rf3 Rd5 39. g4 Rc5 40.
Bd4 Rc6 41. Bc3 Rc4 42. h4 Re4 43. Rf2 Kg6 44. g5 fxg5  1/2-1/2

[Event "IX Campeonato Panamericano Sub 20 Femenino"]
[Site "Asuncion _ Diario Abc Color, Yegros 745"]
[Date "2014.06.25"]
[Round "6"]
[Board "5"]
[White "Cuello, Camila"]
[Black "Prado, Alexandra"]
[Result "1-0"]
[WhiteElo "1677"]
[BlackElo "1830"]
[PlyCount "69"]
[EventDate "2014.06.21"]
[EventRounds "9"]
[EventCountry "PAR"]

1. e4 d6 2. d4 g6 3. Nc3 Bg7 4. Be3 Nf6 5. Qd2 c6 6. Nf3 b5 7. Bd3 b4 8. Ne2
Qb6 9. h3 Nbd7 10. O-O O-O 11. Bh6 e5 12. Bxg7 Kxg7 13. dxe5 dxe5 14. Ng3 Rd8
15. Qg5 Qc7 16. Nh4 Kh8 17. Bc4 Rf8 18. f4 Ng8 19. f5 h6 20. Qd2 g5 21. Nf3
Qb6+ 22. Kh1 Ndf6 23. Nxe5 Qc7 24. Nxf7+ Rxf7 25. Bxf7 Qxg3 26. Bxg8 Nxg8 27.
f6 Bxh3 28. gxh3 Rf8 29. f7 Ne7 30. Qg2 Qe5 31. Qf3 Kh7 32. Rad1 Ng6 33. Qf5
Qxb2 34. Rd6 Qg7 35. e5  1-0

[Event "IX Campeonato Panamericano Sub 20 Femenino"]
[Site "Asuncion _ Diario Abc Color, Yegros 745"]
[Date "2014.06.25"]
[Round "6"]
[Board "6"]
[White "Zavala Galindo, Alejandra Beat"]
[Black "Bohorquez Canizares, Maria"]
[Result "1-0"]
[WhiteElo "1807"]
[BlackElo "1656"]
[PlyCount "37"]
[EventDate "2014.06.21"]
[EventRounds "9"]
[EventCountry "PAR"]

1. e4 d5 2. exd5 Qxd5 3. Nc3 Qa5 4. d4 c6 5. Bd2 Nf6 6. Bc4 Bf5 7. Nf3 e6 8.
Ne5 Nbd7 9. Qe2 Qb6 10. Nxd7 Nxd7 11. O-O-O Qxd4 12. Be3 Qe5 13. g4 Bg6 14. f4
Qc7 15. f5 exf5 16. Bf4+ Ne5 17. Bxe5 Qe7 18. Rhe1 f6 19. Bd6  1-0

[Event "IX Campeonato Panamericano Sub 20 Femenino"]
[Site "Asuncion _ Diario Abc Color, Yegros 745"]
[Date "2014.06.25"]
[Round "6"]
[Board "7"]
[White "Perez, Dalila"]
[Black "Avalos, Rosana"]
[Result "1-0"]
[WhiteElo "1817"]
[BlackElo "1514"]
[PlyCount "135"]
[EventDate "2014.06.21"]
[EventRounds "9"]
[EventCountry "PAR"]

1. d4 Nf6 2. c4 g6 3. Nc3 Bg7 4. e4 d6 5. f4 O-O 6. Nf3 c5 7. d5 Nbd7 8. Be2
Ne8 9. O-O e5 10. f5 Ndf6 11. Bd2 h6 12. fxg6 fxg6 13. Qe1 Kh7 14. Nh4 g5 15.
Nf5 Bxf5 16. Rxf5 Ng8 17. Qf2 Nef6 18. Qg3 Ne7 19. Rf2 Ng6 20. Bg4 Nxg4 21.
Rxf8 Qxf8 22. Qxg4 Qe7 23. Ne2 Nf4 24. Ng3 Rf8 25. Nf5 Qd8 26. h4 h5 27. Qxg5
Qxg5 28. hxg5 Rd8 29. Rf1 Ng6 30. g3 Rd7 31. Kg2 Nh8 32. Rh1 Kg6 33. Nh4+ Kh7
34. g6+ Nxg6 35. Nf5 h4 36. gxh4 Bf6 37. Kf3 Ne7 38. Ng3 Rd8 39. h5 Rf8 40. Ke2
Rg8 41. Be1 Bg5 42. Rf1 Bf4 43. Kf3 Kh6 44. Rh1 Rf8 45. Ke2 Rg8 46. Rh3 Rg5 47.
Bd2 Bxd2 48. Kxd2 Rg4 49. Ke3 Rf4 50. Ne2 Rf1 51. Rh2 Ra1 52. Nc3 Re1+ 53. Kd2
Rf1 54. Nb5 Nc8 55. Rg2 Rf8 56. Nxd6 Nxd6 57. Rg6+ Kxh5 58. Rxd6 Rf2+ 59. Ke3
Rxb2 60. Re6 Rxa2 61. Rxe5+ Kg4 62. d6 Ra3+ 63. Kd2 Rh3 64. Rxc5 Rh7 65. Rc7
Rh2+ 66. Kd3 Rh3+ 67. Kd4 Rh1 68. Rxb7  1-0

[Event "IX Campeonato Panamericano Sub 20 Femenino"]
[Site "Asuncion _ Diario Abc Color, Yegros 745"]
[Date "2014.06.26"]
[Round "7"]
[Board "1"]
[White "Garcia Contreras, Ana"]
[Black "Chumpitaz, Ann"]
[Result "0-1"]
[WhiteElo "1921"]
[BlackElo "2192"]
[PlyCount "68"]
[EventDate "2014.06.21"]
[EventRounds "9"]
[EventCountry "PAR"]

1. e4 c5 2. Nf3 g6 3. d3 Bg7 4. g3 Nc6 5. Bg2 Nf6 6. O-O O-O 7. Re1 d6 8. h3
Nd7 9. c3 b5 10. d4 Bb7 11. d5 Nce5 12. Nxe5 Nxe5 13. Na3 b4 14. cxb4 cxb4 15.
Nc2 a5 16. Bf1 Qc8 17. Nd4 Ba6 18. Bxa6 Qxa6 19. Be3 Rfc8 20. Rb1 Rc7 21. Kg2
Rac8 22. Qe2 Nd3 23. Red1 Bxd4 24. Rxd3 Rc2 25. Qd1 Bxb2 26. Rb3 Be5 27. a3 Qc4
28. Qf3 Rc3 29. Rxc3 Bxc3 30. axb4 axb4 31. Rc1 b3 32. Bd2 b2 33. Rxc3 b1=Q 34.
Rxc4 Rxc4  0-1

[Event "IX Campeonato Panamericano Sub 20 Femenino"]
[Site "Asuncion _ Diario Abc Color, Yegros 745"]
[Date "2014.06.26"]
[Round "7"]
[Board "2"]
[White "Caballero Quijano, Mitzy Mishe"]
[Black "Vazquez Maccarini, Danitza"]
[Result "1-0"]
[WhiteElo "1941"]
[BlackElo "1948"]
[PlyCount "51"]
[EventDate "2014.06.21"]
[EventRounds "9"]
[EventCountry "PAR"]

1. d4 Nf6 2. Nf3 e6 3. e3 b6 4. Bd3 Bb7 5. O-O g6 6. c4 Bg7 7. Nc3 d6 8. e4 O-O
9. h3 Nbd7 10. Re1 e5 11. d5 Nc5 12. Bc2 a5 13. Rb1 Nfd7 14. a3 f5 15. exf5
gxf5 16. b4 axb4 17. axb4 Na6 18. Ng5 Qf6 19. Ne6 Rf7 20. Bg5 Qg6 21. g4 Rf6
22. Bxf6 Bxf6 23. Bxf5 Qh6 24. g5 Bxg5 25. Qg4 Kh8 26. Nxg5  1-0

[Event "IX Campeonato Panamericano Sub 20 Femenino"]
[Site "Asuncion _ Diario Abc Color, Yegros 745"]
[Date "2014.06.26"]
[Round "7"]
[Board "3"]
[White "Felix Vega, Aurora Edith"]
[Black "Garcia Morales, Ivette Ale"]
[Result "0-1"]
[WhiteElo "1990"]
[BlackElo "2108"]
[PlyCount "56"]
[EventDate "2014.06.21"]
[EventRounds "9"]
[EventCountry "PAR"]

1. e4 e6 2. d4 d5 3. Nd2 Nc6 4. c3 e5 5. dxe5 dxe4 6. Qa4 f5 7. exf6 Nxf6 8.
Nc4 Bd7 9. Qc2 Bc5 10. Bg5 O-O 11. Ne3 h6 12. Bh4 Be6 13. Be2 Ne5 14. Rd1 Qe7
15. Rd4 Bxd4 16. cxd4 Nd3+ 17. Bxd3 exd3 18. Qxd3 Qb4+ 19. Qc3 Qb5 20. Ne2 Nd5
21. Qd2 Rad8 22. Bg3 Nxe3 23. fxe3 Bg4 24. Nc3 Qa5 25. Bf4 Rxf4 26. h3 Bf5 27.
Nd5 Qxd2+ 28. Kxd2 Rf2+  0-1

[Event "IX Campeonato Panamericano Sub 20 Femenino"]
[Site "Asuncion _ Diario Abc Color, Yegros 745"]
[Date "2014.06.26"]
[Round "7"]
[Board "4"]
[White "Eswaran, Ashritha"]
[Black "Jorquera Cabello, Valentina"]
[Result "1/2-1/2"]
[WhiteElo "2011"]
[BlackElo "1976"]
[PlyCount "139"]
[EventDate "2014.06.21"]
[EventRounds "9"]
[EventCountry "PAR"]

1. Nf3 Nf6 2. c4 e6 3. g3 b6 4. Bg2 Bb7 5. O-O Be7 6. b3 O-O 7. Bb2 d5 8. e3 c5
9. Qe2 Nc6 10. Rd1 d4 11. exd4 cxd4 12. d3 Re8 13. Ne5 Rc8 14. Na3 Nxe5 15.
Bxb7 Rc7 16. Nb5 Rxb7 17. Qxe5 Nd7 18. Qe4 Nc5 19. Qxd4 Qxd4 20. Bxd4 Rd8 21.
Bxc5 bxc5 22. Kf1 Bf6 23. Rab1 g5 24. h3 h5 25. Ke2 Be5 26. Na3 f5 27. Nc2 a5
28. Rg1 Kf7 29. Na3 Kf6 30. Nb5 f4 31. gxf4 Bxf4 32. a3 Rbd7 33. Rbd1 Kf5 34.
f3 e5 35. Rg2 Rg7 36. Nc3 Rb7 37. Rb1 Rdb8 38. Nb5 Rd7 39. b4 axb4 40. axb4
cxb4 41. Rxb4 Ra8 42. Rb2 Ra1 43. Nc3 Rda7 44. Nb1 Bc1 45. Rb5 R7a2+ 46. Kf1
Rxg2 47. Kxg2 Ra2+ 48. Kf1 Rc2 49. Ke1 Be3 50. Kd1 Rc1+ 51. Ke2 Kf4 52. Rb8
Rc2+ 53. Kd1 Rc1+ 54. Ke2 Bd4 55. Nd2 Kg3 56. Ne4+ Kxh3 57. Nxg5+ Kg2 58. Rh8
Rh1 59. Ne4 h4 60. c5 h3 61. Kd2 Kxf3 62. c6 Be3+ 63. Kc2 Rc1+ 64. Kb3 Rxc6 65.
Rxh3+ Ke2 66. Nc3+ Kd2 67. Nd5 Bc5 68. Rh2+ Kd1 69. Nb4 Bxb4 70. Kxb4  1/2-1/2

[Event "IX Campeonato Panamericano Sub 20 Femenino"]
[Site "Asuncion _ Diario Abc Color, Yegros 745"]
[Date "2014.06.26"]
[Round "7"]
[Board "5"]
[White "Monroy G., Nataly A."]
[Black "Zavala Galindo, Alejandra Beat"]
[Result "1-0"]
[WhiteElo "1812"]
[BlackElo "1807"]
[PlyCount "89"]
[EventDate "2014.06.21"]
[EventRounds "9"]
[EventCountry "PAR"]

1. d4 Nf6 2. Nf3 c5 3. d5 g6 4. c4 Bg7 5. Nc3 d6 6. e4 O-O 7. h3 a6 8. a4 a5 9.
Be2 Na6 10. O-O h6 11. Be3 Nb4 12. Nd2 Ne8 13. f4 f5 14. e5 dxe5 15. fxe5 b6
16. e6 Nd6 17. Qc1 Qe8 18. Ra3 g5 19. Na2 f4 20. Bf2 Qg6 21. Nxb4 axb4 22. Bd3
Bxb2 23. Qc2 Qg7 24. Ra2 Bf6 25. Nb3 Bb7 26. a5 bxa5 27. Rxa5 Rxa5 28. Nxa5 Bd4
29. Nb3 Bxf2+ 30. Rxf2 Rc8 31. h4 Ba6 32. hxg5 hxg5 33. Rf3 Qe5 34. Rh3 g4 35.
Rh7 g3 36. Rxe7 Qe1+ 37. Bf1 Qf2+ 38. Qxf2 gxf2+ 39. Kxf2 Bxc4 40. Bxc4 Nxc4
41. Ke2 Nd6 42. Rd7 c4 43. Nd4 Ne4 44. e7 Nf6 45. Rd8+  1-0